000
00330 a2200157 4500
001
72300
020
_a
8599000722X
040
_c
Anchieta - Colégio São Paulo
100
_a
Gouveia, Luis Augusto
240
1
0
_a
Lucas
_l
por
245
1
0
_a
Lucas
300
_a
39
362
0
_a
2005
650
4
_a
Literatura infantil
942
_c
BK
999
_c
72300
_d
72300